00676 a2200157 4500020001800000082001800018100003700036245004200073260004300115300001900158650004300177942002600220999001700246952014400263952011100407 a9789693523621 a891.4393bYAH aBaba, Muhammad Yahya Khan924098 aShab DeedacBaba, Muhammad Yahya Khan aLahorebSang-e-Meel Publicationsc2011 a882 p.c25 cm. a1. Urdu Literature-Short Stories93597 cBKk891.4393 BAB2ddc c10964d10964 00102ddc4070aCLbCLcGENd2012-07-12eSaeed Book Bankg1600.00l6m3o891.4393 YAHpSEECS011387r2026-04-14s2020-10-23w2017-01-05yBK 00102ddc4070aCLbCLd2019-01-31l5m4o891.4393 YAHpNIT-11418r2023-09-14s2022-01-25w2019-01-31yBK